000 01318nam a22003617a 4500
003 CHAP
005 20220329142154.0
008 000127d1999 mx a r 00110 spa d
010 _a79561
011 _a80533
035 _a90984
040 _cCHAP
090 _aTesis
100 0 0 _aDíaz Aguilar, Irma.
_933349
245 1 0 _aEfectos de cadmio , niquel y plomo en procesos fisiológicos del trigo (Triticum aestivum L.)
_c/por Irma Díaz Aguilar
260 _aMontecillo, Méx. :
_bEl autor,
_c1999.
300 _a207 h. :
_bilus. ; gráfs. ; cuadros
502 _aTesis (M.C. esp. en Edafología) -- Colegio de Postgraduados. Instituto de Recursos Naturales
590 _aALEPH
_b10
_c20130110
_lUCH01
_h1432
590 _aBATCH-UPD
_b10
_c20130110
_lUCH01
_h0745
590 _aBATCH-UPD
_b10
_c20130410
_lUCH01
_h0426
590 _aBATCH-UPD
_b10
_c20130914
_lUCH01
_h0813
590 _aCONVERSION
_b10
_c20130109
_lUCH01
_h1344
650 1 4 _aCadmio
_xEfecto en trigo.
_917070
650 1 4 _aNíquel
_xEfecto en trigo.
_981599
650 1 4 _aPlomo
_xEfecto en trigo.
_989299
650 1 4 _aTrigo
_xFisiología y morfología.
_9115027
901 _aBK
905 _aGuadalupe Pinto C.
942 _cFOLL
949 _bBC
_cTES
_d33724000716106
_eTS2
_fc.2
_h34123
_i90984
_si
949 _bBC
_cTES
_d909841
_eTS1
_h34122
_i90984
_sb
999 _c79561
_d79561